<?xml version="1.0" encoding="UTF-8"?><?xml-stylesheet type="text/xsl" href="static/style.xsl"?><OAI-PMH xmlns="http://www.openarchives.org/OAI/2.0/" xmlns:xsi="http://www.w3.org/2001/XMLSchema-instance" xsi:schemaLocation="http://www.openarchives.org/OAI/2.0/ http://www.openarchives.org/OAI/2.0/OAI-PMH.xsd"><responseDate>2026-04-17T19:25:20Z</responseDate><request verb="GetRecord" identifier="oai:www.recercat.cat:20.500.12327/2127" metadataPrefix="marc">https://recercat.cat/oai/request</request><GetRecord><record><header><identifier>oai:recercat.cat:20.500.12327/2127</identifier><datestamp>2025-10-22T11:22:19Z</datestamp><setSpec>com_2072_4428</setSpec><setSpec>com_2072_4427</setSpec><setSpec>col_2072_487898</setSpec></header><metadata><record xmlns="http://www.loc.gov/MARC21/slim" xmlns:dcterms="http://purl.org/dc/terms/" xmlns:xsi="http://www.w3.org/2001/XMLSchema-instance" xmlns:doc="http://www.lyncode.com/xoai" xsi:schemaLocation="http://www.loc.gov/MARC21/slim http://www.loc.gov/standards/marcxml/schema/MARC21slim.xsd">
   <leader>00925njm 22002777a 4500</leader>
   <datafield ind2=" " ind1=" " tag="042">
      <subfield code="a">dc</subfield>
   </datafield>
   <datafield ind2=" " ind1=" " tag="720">
      <subfield code="a">Abril, B.</subfield>
      <subfield code="e">author</subfield>
   </datafield>
   <datafield ind2=" " ind1=" " tag="720">
      <subfield code="a">Contreras, M.</subfield>
      <subfield code="e">author</subfield>
   </datafield>
   <datafield ind2=" " ind1=" " tag="720">
      <subfield code="a">Bou, Ricard</subfield>
      <subfield code="e">author</subfield>
   </datafield>
   <datafield ind2=" " ind1=" " tag="720">
      <subfield code="a">Llauger, Mar</subfield>
      <subfield code="e">author</subfield>
   </datafield>
   <datafield ind2=" " ind1=" " tag="720">
      <subfield code="a">García-Pérez, J.V.</subfield>
      <subfield code="e">author</subfield>
   </datafield>
   <datafield ind2=" " ind1=" " tag="720">
      <subfield code="a">Benedito, J.</subfield>
      <subfield code="e">author</subfield>
   </datafield>
   <datafield ind2=" " ind1=" " tag="260">
      <subfield code="c">2023-02-03</subfield>
   </datafield>
   <datafield ind2=" " ind1=" " tag="520">
      <subfield code="a">Ferrochelatase (FeCH), present in pork liver, catalyses the formation of zinc-protoporphyrin (ZnPP), a stable purple-red pigment found in Parma ham. Kinetics of ZnPP formation is especially slow. Thus, the aim of this study was to improve the ZnPP production using power ultrasound (US) at low (7.05 W/L) and moderate power (36.53 W/L) in homogenised pork liver (HLi) and with added oxyhemoglobin (HLi + OxyHb). ZnPP formation was performed at 37 °C, under anaerobic conditions, for different reaction times (6–48 h). When US was applied at low power, it shortened the time needed to reach maximum ZnPP formation by 50% and increased the yield by 25.77% in the case of HLi and by 4.42% in that of HLi + OxyHb, when compared to the control experiments; however, for the moderate power, ZnPP formation was hindered. Therefore, low power US proved to be an effective method with which to intensify enzymatic ZnPP production.</subfield>
   </datafield>
   <datafield ind1="8" ind2=" " tag="024">
      <subfield code="a">Abril, B., M. Contreras, R. Bou, M. Llauger, J.V. García-Pérez, and J. Benedito. 2023. "Influence Of Ultrasonic Application On The Enzymatic Formation Of Zinc Protoporphyrin". Journal Of Food Engineering 347: 111449. doi:10.1016/j.jfoodeng.2023.111449.</subfield>
   </datafield>
   <datafield ind1="8" ind2=" " tag="024">
      <subfield code="a">0260-8774</subfield>
   </datafield>
   <datafield ind1="8" ind2=" " tag="024">
      <subfield code="a">http://hdl.handle.net/20.500.12327/2127</subfield>
   </datafield>
   <datafield ind1="8" ind2=" " tag="024">
      <subfield code="a">https://doi.org/10.1016/j.jfoodeng.2023.111449</subfield>
   </datafield>
   <datafield ind2="0" ind1="0" tag="245">
      <subfield code="a">Influence of ultrasonic application on the enzymatic formation of zinc protoporphyrin</subfield>
   </datafield>
</record></metadata></record></GetRecord></OAI-PMH>